Фармацевтическая технология. Методы и технологии получения радиофармпрепаратов: учебное пособие для академического бакалавриата

Xehetasun bibliografikoak
Egile nagusia: Скуридин В. С. Виктор Сергеевич
Erakunde egilea: Национальный исследовательский Томский политехнический университет (ТПУ)
Gaia:В пособии рассмотрены основы современных методов получения радионуклидов и радиофармацевтических препаратов (РФП) для медицинской диагностики и радио­терапии.Материал подготовлен на основе работ ведущих специалистов России в области радиофармацевтической химии и ядерной медицины, а также оригинальных исследо­ваний по созданию малоотходных технологий производства РФП.Пособие предназначено для ознакомления студентов, магистрантов и научных сотрудников физических и химических специальностей с особенностями производства РФП и требованиями, предъявляемыми к радиофармацевтической продукции.
Hizkuntza:errusiera
Argitaratua: Москва, Юрайт, 2016
Saila:Университеты России
Бакалавр. Академический курс
Gaiak:
Formatua: MixedMaterials Liburua
KOHA link:https://koha.lib.tpu.ru/cgi-bin/koha/opac-detail.pl?biblionumber=315056

MARC

LEADER 00000n m0a2200000 4500
001 315056
005 20250825104218.0
010 |a 9785991675352 
035 |a (RuTPU)RU\TPU\book\340489 
090 |a 315056 
100 |a 20160224d2016 m y0rusy50 ca 
101 0 |a rus 
102 |a RU 
105 |a a j 001zy 
200 1 |a Фармацевтическая технология. Методы и технологии получения радиофармпрепаратов  |e учебное пособие для академического бакалавриата  |f В. С. Скуридин  |g Национальный исследовательский Томский политехнический университет (ТПУ) 
210 |a Москва  |c Юрайт  |d 2016 
215 |a 140 с.  |c ил. 
225 1 |a Университеты России 
225 1 |a Бакалавр. Академический курс 
320 |a Библиогр.: с. 137-139. 
330 |a В пособии рассмотрены основы современных методов получения радионуклидов и радиофармацевтических препаратов (РФП) для медицинской диагностики и радио­терапии.Материал подготовлен на основе работ ведущих специалистов России в области радиофармацевтической химии и ядерной медицины, а также оригинальных исследо­ваний по созданию малоотходных технологий производства РФП.Пособие предназначено для ознакомления студентов, магистрантов и научных сотрудников физических и химических специальностей с особенностями производства РФП и требованиями, предъявляемыми к радиофармацевтической продукции. 
606 1 |a Радиоизотопная диагностика  |2 stltpush  |3 (RuTPU)RU\TPU\subj\22719  |9 47428 
610 1 |a радиодиагностические приборы 
610 1 |a изображения 
610 1 |a получение 
610 1 |a радиоизотопы 
610 1 |a ядерные реакции 
610 1 |a радионуклиды 
610 1 |a циклотроны 
610 1 |a мишени 
610 1 |a реакторные радионуклиды 
610 1 |a технеций 
610 1 |a меченые наноколлоидные соединения 
610 1 |a радиофармпрепараты 
610 1 |a качество 
610 1 |a контроль 
610 1 |a лекарственные средства 
610 1 |a учебные пособия 
610 1 |a труды учёных ТПУ 
675 |a 616-07(075.8)  |v 4 
700 1 |a Скуридин  |b В. С.  |c физик, специалист в области атомной энергетики  |c профессор Томского политехнического университета, доктор технических наук  |f 1946-  |g Виктор Сергеевич  |3 (RuTPU)RU\TPU\pers\27551  |9 12755 
712 0 2 |a Национальный исследовательский Томский политехнический университет (ТПУ)  |c (2009- )  |3 (RuTPU)RU\TPU\col\15902 
801 1 |a RU  |b 63413507  |c 20160224 
801 2 |a RU  |b 63413507  |c 20160405  |g RCR 
942 |c BK